|
|
|
|
| LEADER |
01232nam a22003134a 4500 |
| 001 |
5801 |
| 003 |
BD-DhAAL |
| 005 |
20150609101237.0 |
| 008 |
150609s2005 nyuab 001 0 eng |
| 010 |
|
|
|a 2004060234
|
| 020 |
|
|
|a 1591840767 (acidfree paper)
|
| 040 |
|
|
|a DLC
|c DLC
|d DLC
|d BD-DhAAL
|
| 050 |
0 |
0 |
|a HF5386
|b .J46 2005
|
| 082 |
0 |
0 |
|a 658.4
|2 22
|
| 100 |
1 |
|
|a Jennings, Jason.
|9 11817
|
| 245 |
1 |
0 |
|a Think big, act small :
|b how America's best performing companies keep the start-up spirit alive /
|c Jason Jennings.
|
| 246 |
3 |
0 |
|a How America's best performing companies keep the start-up spirit alive
|
| 260 |
|
|
|a New York :
|b Portfolio,
|c 2005.
|
| 300 |
|
|
|a xvii, 254 p. :
|b ill., maps ;
|c 24 cm.
|
| 500 |
|
|
|a Includes index.
|
| 541 |
|
|
|e 5801
|
| 650 |
|
0 |
|a Success in business
|z United States.
|9 11818
|
| 650 |
|
0 |
|a Creative ability in business
|z United States.
|9 11819
|
| 650 |
|
0 |
|a Executive ability
|z United States.
|9 11820
|
| 650 |
|
0 |
|a Corporate culture
|z United States.
|9 11821
|
| 650 |
|
0 |
|a Organizational effectiveness.
|9 11822
|
| 942 |
|
|
|2 ddc
|c BK
|
| 999 |
|
|
|c 34656
|d 34656
|
| 952 |
|
|
|0 0
|1 0
|2 ddc
|4 0
|6 658_400000000000000_JEN
|7 0
|9 54169
|a SCL
|b SCL
|c GEN
|d 2015-06-09
|g 1850.00
|l 0
|o 658.4 JEN
|p 3020005801
|r 2015-06-09
|t 1
|w 2015-06-09
|y BK
|